书目信息 |
| 题名: |
马克思主义国际经济博弈原理
|
|
| 作者: | 陈鹏 著 | |
| 分册: | ||
| 出版信息: | 北京 人民出版社 2018 |
|
| 页数: | 369页 | |
| 开本: | 25cm | |
| 丛书名: | ||
| 单 册: | ||
| 中图分类: | A811.66 | |
| 科图分类: | ||
| 主题词: | 马克思主义--国际经济--理论研究 | |
| 电子资源: | ||
| ISBN: | 978-7-01-018767-9 | |
| 000 | 00861nam0 2200229 450 | |
| 001 | 3940 | |
| 005 | 20180527204759.26 | |
| 010 | @a978-7-01-018767-9@dCNY75.00 | |
| 100 | @a20180217d2018 em y0chiy50 ea | |
| 101 | 0 | @achi |
| 102 | @aCN@b110000 | |
| 105 | @ay z 000yy | |
| 200 | 1 | @a马克思主义国际经济博弈原理@9ma ke si zhu yi guo ji jing ji bo yi yuan li@f陈鹏著 |
| 210 | @a北京@c人民出版社@d2018 | |
| 215 | @a369页@d25cm | |
| 300 | @a马克思主义理论学科建设系列 上海高校马克思主义理论学科择优出版计划 | |
| 330 | @a本书聚焦当今国际经济领域前沿问题——国际经济博弈展开研究,系统总结和提炼了马克思主义国际经济博弈原理,并对中国当前和今后阶段国际经济博弈的战略策略问题进行了深入探讨。 | |
| 606 | 0 | @a马克思主义@x国际经济@x理论研究 |
| 690 | @aA811.66@v5 | |
| 701 | 0 | @a陈鹏@9chen peng@4著 |
| 801 | 0 | @aCN@b91MARC@c20180217 |
| 905 | @aMuseLib@dA811.66@e317 | |
| 马克思主义国际经济博弈原理/陈鹏著.-北京:人民出版社,2018 |
| 369页;25cm |
| 马克思主义理论学科建设系列 上海高校马克思主义理论学科择优出版计划 |
| ISBN 978-7-01-018767-9:CNY75.00 |
| 本书聚焦当今国际经济领域前沿问题——国际经济博弈展开研究,系统总结和提炼了马克思主义国际经济博弈原理,并对中国当前和今后阶段国际经济博弈的战略策略问题进行了深入探讨。 |
| ● |
| 相关链接 |
|
|
|
|
正题名:马克思主义国际经济博弈原理
索取号:A811.66/317
 
预约/预借
| 序号 | 登录号 | 条形码 | 馆藏地/架位号 | 状态 | 备注 |
| 1 | 1111246 | 211112464 | 第一样本阅览室/ [索取号:A811.66/317] | 在馆 | |
| 2 | 1111247 | 211112473 | 教育系资料室/ [索取号:A811.66/317] | 在馆 | |
| 3 | 1111248 | 211112482 | 教育系资料室/ [索取号:A811.66/317] | 在馆 | |
| 4 | 1111249 | 211112491 | 第一借阅区/ [索取号:A811.66/317] | 在馆 |